000 03300cam a2200589 i 4500
001 data
003 data
005 20260322212107.0
007 data
008 data
906 _a0
_bibc
_corigres
_d2
_encip
_f20
_gy-gencatlg
925 0 _aacquire
_b1 shelf copy
_xpolicy default
955 _ecd22 2025-12-31 completed, to LAW ;
010 _a 2025402432
020 _a9789654421904
020 _a9654421909
040 _aDLC
_beng
_erda
_cDLC
_dDLC-MRC
_dDLC-MRC
043 _aa-is---
_0http://id.loc.gov/vocabulary/geographicAreas/a-is
050 0 0 _aKMK810
_b.S52 2019
066 _c(2
100 1 _6880-01
_aShalev, Gabriela
_eauthor
_4http://id.loc.gov/vocabulary/relators/aut
_4http://id.loc.gov/vocabulary/relators/aut
_0http://id.loc.gov/authorities/names/n85218611
_1http://id.loc.gov/rwo/agents/n85218611
880 1 _6100-01/(2/r
_a(2yle(B, (2baxi`ld(B
_eauthor
_4http://id.loc.gov/vocabulary/relators/aut
_4http://id.loc.gov/vocabulary/relators/aut
_0http://id.loc.gov/authorities/names/n85218611
_1http://id.loc.gov/rwo/agents/n85218611
245 1 0 _6880-02
_aDine ozim /
_cGavriʼelah Shale, Efi Tsema = The law of contract / Gabriela Shalev & Efi Zemach.
880 1 0 _6245-02/(2/r
_a(2cipi(B (2gefim(B /
_c(2baxi`ld(B (2yle(B, (2`ti(B (2vng(B = The law of contract / Gabriela Shalev & Efi Zemach.
246 3 1 _aLaw of contract
246 3 _aLaw of contracts
250 _6880-03
_aMahadurah reviʻit.
880 _6250-03/(2/r
_a(2ndcexd(B (2xairiz(B.
264 1 _6880-04
_a[Givʻatayim] :
_bDin,
_a[Givʻatayim] :
_bDin,
_c5779 = 2019.
880 1 _6264-04/(2/r
_a(2vtxixim(B :
_b(2cio(B,
_bדין,
_c(2dzyr(B"(2h(B = 2019.
264 4 _c©2019
300 _a920 pages
_c25 cm
334 _asingle unit
_bmono
_0http://id.loc.gov/vocabulary/issuance/mono
336 _atext
_btxt
_2rdacontent
_0http://id.loc.gov/vocabulary/contentTypes/txt
337 _aunmediated
_bn
_2rdamedia
_0http://id.loc.gov/vocabulary/mediaTypes/n
338 _avolume
_bnc
_2rdacarrier
_0http://id.loc.gov/vocabulary/carriers/nc
500 _a"Fourth edition"--Title page verso.
650 0 _aContracts
_zIsrael
650 0 _aContracts
_0http://id.loc.gov/authorities/subjects/sh85031620
650 6 _aContrats
_zIsraël
650 6 _aContrats
650 7 _acontracts
_2aat
650 7 _aContracts
_2fast
_0(OCoLC)fst00876969
_0(OCoLC)fst00876969
651 7 _aIsrael
_2fast
_1http://id.worldcat.org/fast/1204236
_0(OCoLC)fst01204236
700 1 _6880-05
_aZemach, Efi
_eauthor
_4http://id.loc.gov/vocabulary/relators/aut
_0http://id.loc.gov/authorities/names/n2025037108
_1http://id.loc.gov/rwo/agents/n2025037108
880 1 _6700-05/(2/r
_a(2vng(B, (2`ti(B
_eauthor
_4http://id.loc.gov/vocabulary/relators/aut
_0http://id.loc.gov/authorities/names/n2025037108
_1http://id.loc.gov/rwo/agents/n2025037108
758 _1http://id.loc.gov/resources/instances/in00024386608
758 _4http://id.loc.gov/ontologies/bibframe/instanceOf
_1http://id.loc.gov/resources/works/in00024386608
884 _aDLC bibframe2marc v3.1-dev
_g20251230
_qDLC
_uhttps://github.com/lcnetdev/bibframe2marc/tree/v3.1-dev
985 _eBIBFRAME
_d2025-12-30T17:41:59
999 _c1573
_d1573